00522nam a2200145Ia 4500008004100000100002100041245012600062245004500188260004700233260001400280300002500294500001400319650002300333650002000356170224s9999 xx 000 0 und d aSerena Carpenter 2aA Qualitative and Quantitative Study of Social Media Communicators: An Extension of Role Theory to Digital Media Workers  cSerena Carpenter & Alisa P. Lertpratchya bJournal of Broadcasting & Electronic Media cSeptember a60:3, Pages: 448-464 aSeptember xCommunication Arts xMultimedia Arts